00336nam a2200109Ia 4500008004100000082000800041100001900049245003800068942000600106952009900112999001500211240331s9999 xx 000 0 und d bJAY aJayawardena, K 0aDatter Mary Ratnam :ba biography cL 001040708LaWERCLbWERCLcSSCd2024-03-31l0o 305.409 JAYp3069r2024-03-31w2024-03-31yL c1834d1834